| 000 | 07565namaa22004331i 4500 | ||
|---|---|---|---|
| 003 | OSt | ||
| 005 | 20260211140323.0 | ||
| 008 | 250827s2025 ua a|||frm||| 000 0 eng d | ||
| 040 |
_aEG-GICUC _bara _cEG-GICUC _dEG-GICUC _erda |
||
| 041 | 0 |
_aara _bara _beng |
|
| 049 | _aإيداع | ||
| 082 | 0 | 4 | _a658.84 |
| 092 |
_a658.84 _221 |
||
| 097 | _aمــــاجستير | ||
| 099 | _aCai01.15.03.M.Sc.2025.يا.ت | ||
| 100 | 0 |
_a،ياسمين علي عمر علي _eإعداد. |
|
| 245 | 1 | 0 |
_aتأثير التسويق عبر الواقع المعزز على السلوك الشرائى الاندفاعى للمستخدم المصرى / _cإعداد ياسمين علي عمر علي؛ إشراف أ. د. ثريا أحمد البدوي، د. آلاء فوزي عبداللطيف. |
| 246 | 1 | 5 | _aThe impact of augmented reality marketing on the impulsive buying behavior of the egyptian user / |
| 264 | 0 | _c2025. | |
| 300 |
_a150 ورقة : _bإيضاحيات ؛ _c30 سم + _eCD. |
||
| 336 |
_atext _2rda content |
||
| 337 |
_aUnmediated _2rdamedia |
||
| 338 |
_avolume _2rdacarrier |
||
| 502 | _aأطروحة (ماجستير)-جامعة القاهرة، 2025. | ||
| 504 | _aببليوجرافيا: صفحات 130-142. | ||
| 520 | _aاستهدفت الدراسة استكشاف وتأثير التسويق عبر الواقع المعزز على السلوك الشرائي الاندفاعي للمستخدم المصري، من خلال تحليل خصائص الواقع المعزز مثل التفاعلية والتعزيز، وتأثير تدفقه على قيمة المتعة المدركة في عمليات الشراء، إضافة إلى قياس تأثير حضور المستخدم في بيئة الواقع المعزز على قرارات الشراء. كما تسعى الدراسة إلى تحليل دور الصبغة الشخصية في استخدام الواقع المعزز في التسويق، وفحص الاختلافات في سلوكيات الشراء الاندفاعي بناءً على المتغيرات الديموغرافية. تتمثل الأهمية العلمية للدراسة في سد الفجوة المعرفية في مجال التسويق عبر الواقع المعزز في السياق المصري والعربي، وقياس مدى تكامل نظريتي "التدفق" و"الحضور المكاني" لفهم تأثير هذه الخصائص على السلوك الشرائي. أما الأهمية العملية فتتمثل في تمكين الشركات من الاستفادة من النتائج لتطوير استراتيجياتها التسويقية، وتعزيز التفاعل مع العملاء المصريين، وتسليط الضوء على دور الواقع المعزز في خلق فرص عمل وتحقيق ميزة تنافسية. اعتمدت الدراسة على المنهج المسحي باستخدام استبيان لجمع البيانات من عينة مكونة من 420 مشاركًا، لقياس تأثير الواقع المعزز على سلوك الشراء الاندفاعي. وأظهرت النتائج أن هذه التقنية لا تزال في مراحلها الأولى في مصر، حيث ينظر إليها المستخدمون كأداة تسويقية مبتكرة، لكنهم لا يلتزمون باستخدامها بشكل مستمر، في ظل تحديات تتعلق بالثقة في الأمان والخصوصية، إضافة إلى التحديات الاقتصادية والتقنية التي تحد من تبنيها على نطاق واسع. وعلى الرغم من هذه التحديات، يعزز الواقع المعزز التجربة الشرائية ويحُفز الشراء الاندفاعي في بعض القطاعات مثل مستحضرات التجميل والأثاث. كما كشفت الدراسة أن قلة الوعي بهذه التقنيات وارتفاع تكلفتها، إلى جانب المخاوف المتعلقة بالأمان، تشكل عوائق رئيسية أمام انتشارها في السوق المصري. توصي الدراسة بضرورة تعزيز الوعي العام بتقنيات الواقع المعزز من خلال حملات توعوية تركز على فوائدها العملية، وتطوير البنية التحتية التقنية من خلال توفير الأجهزة المتطورة والإنترنت عالي السرعة، ما يسهم في توسيع انتشارها وزيادة ثقة المستخدمين بها. | ||
| 520 | _aThis study aims to explore the impact of augmented reality (AR) marketing on the impulsive buying behavior of Egyptian users by analyzing key AR features such as interactivity and augmentation, as well as the influence of AR flow on the perceived hedonic value in purchasing decisions. Additionally, it examines the effect of user presence in an AR environment on purchasing behavior. The study also investigates the role of personal traits in AR adoption for marketing and explores variations in impulsive buying behavior based on demographic variables.The study’s scientific significance lies in bridging the knowledge gap in AR marketing within the Arab context, while also testing the integration of the "Flow" and "Spatial Presence" theories to understand their impact on consumer behavior. On a practical level, the findings offer insights for businesses to refine their marketing strategies, enhance consumer engagement, and leverage AR technology to create job opportunities and gain a competitive advantage. A quantitative approach was employed, utilizing a questionnaire to collect data from a sample of 420 participants to assess the influence of AR on purchasing behavior. The results indicate that AR technology is still in its early stages of adoption in Egypt, with users perceiving it as an innovative marketing tool but not consistently engaging with it. Challenges related to security, privacy concerns, economic factors, and technical limitations hinder its widespread adoption. Despite these barriers, AR enhances the shopping experience and stimulates impulsive buying in certain sectors, such as cosmetics and furniture. The study further highlights that limited awareness, high costs, and security concerns are significant obstacles to the expansion of AR in the Egyptian market. The study recommends increasing public awareness through targeted campaigns that emphasize the practical benefits of AR. Additionally, improving technological infrastructure, providing advanced devices, and ensuring high-speed internet access are essential for broader adoption and increased user trust. | ||
| 530 | _aصدر أيضًا كقرص مدمج. | ||
| 546 | _aالنص بالعربية والملخص باللغة الإنجليزية والعربية. | ||
| 650 | 7 |
_a التسويق _2qrmak |
|
| 650 | 7 | _aالانترنت | |
| 653 | 0 |
_aالتسويق عبر الواقع المعزز _aالشراء الاندفاعي _aالتفاعلية |
|
| 700 | 0 |
_aثريا أحمد البدوي _eمشرف أطروحة. |
|
| 700 | 0 |
_aآلاء فوزي عبداللطيف _eمشرف أطروحة. |
|
| 900 |
_b08-02-2025 _cثريا أحمد البدوي _cآلاء فوزي عبداللطيف _dعلياء سامي عبد الفتاح _dمحمد خليف محمد _Uجامعة القاهرة _Fكلية الإعلام _Dقسم العلاقات العامة والإعلان |
||
| 905 |
_aSara _eAfaf |
||
| 942 |
_2ddc _cTH _e21 _n0 |
||
| 999 | _c177355 | ||